Normal view
MARC view
- القدس - تاريخ فلسطين
Entry Topical Term
001 - CONTROL NUMBER
- control field: 50266
003 - CONTROL NUMBER IDENTIFIER
- control field: JO-AjAnu
005 - DATE AND TIME OF LATEST TRANSACTION
- control field: 20230606082258.0
008 - FIXED-LENGTH DATA ELEMENTS
- fixed length control field: 230606|| aca||aabn | a|a d
040 ## - CATALOGING SOURCE
- Original cataloging agency: JO-AjAnu
- Transcribing agency: JO-AjAnu
150 ## - HEADING--TOPICAL TERM
- Topical term or geographic name entry element: القدس - تاريخ فلسطين
670 ## - SOURCE DATA FOUND
- Source citation: Work cat.: (JO-AjAnu)25699: عليان، ربحي مصطفى, author 50265, مدينة القدس: تاريخ وحضارة ( ألف سؤال وجواب)